Les 20 villes les plus peuplées des Bouches-du-Rhône sur une carte - Statistiques

Statistiques générales
  • Ce quiz a été pris 320 fois
  • Le résultat moyen est 12 sur 20
Réponses sur la Carte
Les réponses sont colorées sur une échelle allant du rouge au vert en fonction du pourcentage des utilisateurs qui les ont devinées à leur premier essai. Vous pouvez retrouver ces pourcentages ci-dessous.
 
Statistiques - réponses
Habitants Ville % Correct
873 076 Marseille
100%
147 478 Aix-en-Provence
97%
50 415 Arles
89%
48 568 Martigues
82%
47 342 Aubagne
80%
44 577 Istres
80%
44 731 Salon-de-Provence
75%
33 003 Marignane
73%
36 987 La Ciotat
69%
35 532 Vitrolles
65%
15 469 Fos-sur-Mer
61%
26 405 Miramas
50%
21 490 Allauch
46%
16 136 Port-de-Bouc
45%
22 161 Les Pennes-Mirabeau
41%
21 174 Gardanne
37%
15 423 Tarascon
35%
15 248 Bouc-Bel-Air
29%
17 909 Châteauneuf-les-Martigues
29%
16 669 Châteaurenard
29%
Aucun quiz correspondant
Distribution des résultats
% des personnes avec chaque résultat
Percentile par nombre de réponses
Votre historique - résultats
Vous n’avez pas pris ce quiz